000 00636nam a2200169 a 4500
008 170321s2013 ||||||||||||||||| || u
020 _a9780702051777
050 _aRC 348 Ful
100 _aFuller, Geraint
245 1 0 _aNeurological examination made easy
_cBy Geraint Fuller
250 _a5th ed.
260 _aEdinburgh:
_bChurchill Livingstone/Elsevier
_c2013
300 _avi, 241p.: ill.
350 _a42.95
650 _aNEUROLOGIC EXAMINATION
995 _aMEDICAL LIBRARY OPEN ACCESS
_e903702
_FCBU-SCHOOL OF MEDICINE LIBRARY (Ndola)
_I42.95
_jRC 348 Ful
_M1
_UAVAILABLE
_WMar 21, 2017
_y903702
_ZMedical Library Open Access Collection
999 _c32166
_d32166